000 00685nam a2200181Ia 4500
008 090123s9999 xx 000 0 und d
082 _b22430
_a891.463/तिबिले
100 _aतिबिले अनंत दत्तत्रय
245 _aआम्हीही शर्थ केली
250 _a2
260 _bवसंत प्रकाशन
_c1993
300 _a240
600 _aतिबिले अनंत दत्तत्रय
630 _aआम्हीही शर्थ केली
700 _aतिबिले अनंत दत्तत्रय
730 _aआम्हीही शर्थ केली
942 _cBOOK
999 _c60502
_d60502